zpět

Detail výsledku týmu

Kulturní dům, Zašová

Datum a čas kvízu

37 Celkem bodů Celkový počet nahraných bodů na tomto kvízu bez doplňovacích otázek.
3. Pořadí na kvízu Konečné umístění týmu na tomto kvízu.

Zaznamenané odpovědi

# Otázka Odpověď Body Výsledky
1. Rada České televize minulý týd... Sama doma 1
2. Minulý týden se stalo virálním... v záchodové míse 1
3. Jak se jmenuje město na Svitav... Moravská Třebová 1
4. Minulý týden se Česko po 60 le... Transalpský ropovod (Transalpine Pipeline, TAL) 1
5. České hokejistky na domácím mi... USA 1
6. Tonga a Togo sice mají podobné... D 0
7. Dříve v Prusku, nyní v Rusku.... Kaliningrad 1
8. Mezi kterou dvojicí sídel v na... B 0
9. Který jazyk je úředním na územ... angličtina; španělština 0.5
10. Ke kvízu patří i pivo, které s... Turnov; Trutnov 0.5